| 000 | 00981cam a2200229 a 4500 | ||
|---|---|---|---|
| 001 | 000001202 | ||
| 005 | 20200929145515.0 | ||
| 008 | 750225s1966 ve 000 0 spa | ||
| 040 |
_aDO-SdBNP _bspa _cBNPHU |
||
| 082 |
_a907.2 _bB224M |
||
| 100 | 1 |
_aMieres, Antonio _94101 |
|
| 245 | 1 | 0 |
_aTres autores en la historia de Baralt / _cAntonio Mieres ; prólogo, Eduardo Arcila Farías. |
| 260 |
_aCaracas : _bFacultad de Humanidades y Educación. Instituto de Estudios Hispanoamericanos. Universidad Central de Venezuela, _c1966. |
||
| 300 |
_a175 p. ; _c24 cm. |
||
| 504 | _aIncluye notas al pie de las páginas | ||
| 600 | 1 | 4 |
_aBARALT, RAFAEL MARÍA, _d1810-1860. _xCRÍTICA E INTERPRETACIÓN _94102 |
| 600 | 1 | 4 |
_aOVIEDO Y BAÑOS, JOSÉ, _d1671-1738. _94103 |
| 651 | 4 |
_aVenezuela _xHistoriografía _94104 |
|
| 600 | 1 | 4 |
_aJOSEPH DE PONS, FRANCOIS RAYMOND, _d1751-1812. _94105 |
| 600 | 1 | 4 |
_aMONTENEGRO COLÓN, FELICIANO, _d1781-1853. _94106 |
| 700 | 1 |
_aArcila Farías, Eduardo, _epról. _94107 |
|
| 999 |
_c1152 _d1152 |
||